Denmark Players Biggest Transfers - Statistics

General Stats
  • This quiz has been taken 72 times
  • The average score is 95 of 250
Answer Stats
Player From Joined % Correct
AM Christian Eriksen 19/20 Tottenham Hotspur Inter Milan
98%
AM Christian Eriksen 13/14 Ajax Tottenham Hotspur
98%
ST Rasmus Hojlund 23/24 Atalanta Manchester United
92%
ST Rasmus Hojlund 22/23 Sturm Graz Atalanta
92%
ST Rasmus Hojlund 21/22 Kobenhavn Sturm Graz
92%
CM Pierre-Emile Hojbjerg 20/21 Southampton Tottenham Hotspur
85%
CM Pierre-Emile Hojbjerg 16/17 Bayern Munich Southampton
85%
ST Bent Christensen 91/92 Brondby Schalke
83%
GK Oliver Christensen 23/24 Hertha Berlin Fiorentina
83%
GK Oliver Christensen 21/22 Odense Hertha Berlin
83%
RB Rasmus Kristensen 22/23 RB Salzburg Leeds United
83%
RB Rasmus Kristensen 17/18 Midtjylland Ajax
83%
RB Rasmus Kristensen 19/20 Ajax RB Salzburg
83%
CB Thomas Kristensen 23/24 Aarhus Udinese
83%
CB Simon Kjaer 17/18 Fenerbahce Sevilla
78%
CB Simon Kjaer 10/11 Palermo Wolfsburg
78%
CB Simon Kjaer 15/16 Lille Fenerbahce
78%
CB Simon Kjaer 08/09 Midtjylland Palermo
78%
CB Simon Kjaer 20/21 Sevilla Milan
78%
CB Simon Kjaer 11/12 Wolfsburg Roma
78%
CB Simon Kjaer 13/14 Wolfsburg Lille
78%
AM Jeppe Kjaer 20/21 Horsens Ajax
77%
ST Martin Braithwaite 19/20 Leganes Barcelona
77%
ST Martin Braithwaite 17/18 Toulouse Middlesbrough
77%
ST Martin Braithwaite 19/20 Middlesbrough Leganes
77%
ST Martin Braithwaite 13/14 Esbjerg Toulouse
77%
CB Jannik Vestergaard 18/19 Borussia Monchengladbach Southampton
75%
CB Jannik Vestergaard 21/22 Southampton Leicester City
75%
CB Jannik Vestergaard 16/17 Werder Bremen Borussia Monchengladbach
75%
CB Jannik Vestergaard 14/15 Hoffenheim Werder Bremen
75%
ST Kasper Dolberg 19/20 Ajax Nice
73%
ST Kasper Dolberg 23/24 Nice Anderlecht
73%
CM Thomas Delaney 18/19 Werder Bremen Borussia Dortmund
73%
CM Thomas Delaney 21/22 Borussia Dortmund Sevilla
73%
CM Thomas Delaney 16/17 Kobenhavn Werder Bremen
73%
DM Christian Poulsen 08/09 Sevilla Juventus
72%
DM Christian Poulsen 02/03 Kobenhavn Schalke
72%
DM Christian Poulsen 10/11 Juventus Liverpool
72%
CB Joachim Andersen 19/20 Sampdoria Lyon
72%
CB Joachim Andersen 21/22 Lyon Crystal Palace
72%
CB Joachim Andersen 17/18 Twente Sampdoria
72%
CB Mads Andersen 24/24 Barnsley Luton Town
72%
LB Simon Poulsen 07/08 Midtjylland AZ Alkmaar
72%
ST Yussuf Poulsen 13/14 Lyngby RB Leipzig
72%
LB Andreas Poulsen 18/19 Midtjylland Borussia Monchengladbach
70%
RW Brian Laudrup 93/94 Fiorentina Milan
70%
RW Brian Laudrup 92/93 Bayern Munich Fiorentina
70%
RW Brian Laudrup 90/91 Bayer Uerdingen Bayern Munich
70%
RW Brian Laudrup 99/00 Kobenhavn Ajax
70%
RB Joakim Maehle 20/21 Genk Atalanta
70%
RB Joakim Maehle 23/24 Atalanta Wolfsburg
70%
GK Kasper Schmeichel 11/12 Leeds United Leicester City
70%
AM Michael Laudrup 94/95 Barcelona Real Madrid
70%
AM Michael Laudrup 97/98 Vissel Kobe Ajax
70%
AM Michael Laudrup 89/90 Juventus Barcelona
70%
AM Michael Laudrup 83/84 Brondby Juventus
70%
LW Mikkel Damsgaard 22/23 Sampdoria Brentford
70%
LW Mikkel Damsgaard 20/21 Nordsjaelland Sampdoria
70%
LW Jacob Bruun Larsen 19/20 Borussia Dortmund Hoffenheim
63%
AM Jesper Lindstrom 23/24 Eintracht Frankfurt Napoli
63%
AM Jesper Lindstrom 21/22 Brondby Eintracht Frankfurt
63%
CB Daniel Agger 05/06 Brondby Liverpool
62%
CB Daniel Agger 14/15 Liverpool Brondby
62%
AM Claus Jensen 00/01 Bolton Wanderers Charlton Athletic
60%
AM Claus Jensen 98/99 Lyngby Bolton Wanderers
60%
AM Claus Jensen 04/05 Charlton Athletic Fulham
60%
CM John Jensen 92/93 Brondby Arsenal
60%
CM Mathias Jensen 18/19 Nordsjaelland Celta Vigo
60%
CM Mathias Jensen 19/20 Celta Vigo Brentford
60%
GK Peter Vindahl Jensen 21/22 Nordsjaelland AZ Alkmaar
58%
AM Victor Jensen 17/18 Kobenhavn Ajax
58%
ST Jonas Wind 21/22 Kobenhavn Wolfsburg
57%
AM Henrik Larsen 90/91 Lyngby Pisa
55%
CB Jim Larsen 12/13 Rosenborg Club Brugge
55%
ST Soren Larsen 08/09 Schalke Toulouse
55%
ST Soren Larsen 05/06 Djurgardens Schalke
55%
RW Andreas Skov Olsen 21/22 Bologna Club Brugge
53%
RW Andreas Skov Olsen 19/20 Nordsjaelland Bologna
53%
ST Jona Dahl Tomasson 05/06 Milan Stuttgart
50%
ST Jon Dahl Tomasson 97/98 Heerenveen Newcastle United
50%
ST Jon Dahl Tomasson 98/99 Newcastle United Feyenoord
50%
RW Robert Skov 19/20 Kobenhavn Hoffenheim
50%
CM Daniel Wass 18/19 Celta Vigo Valencia
47%
CM Daniel Wass 15/16 Evian Thonon Celta Vigo
47%
CM Daniel Wass 21/22 Valencia Atletico Madrid
47%
CM Daniel Wass 22/23 Atletico Madrid Brondby
47%
DM Christian Norgaard 19/20 Fiorentina Brentford
45%
DM Christian Norgaard 18/19 Brondby Fiorentina
45%
CB Mathias Jorgensen 17/18 Kobenhavn Huddersfield Town
45%
CB Mathias Jorgensen 19/20 Huddersfield Town Fenerbahce
45%
ST Andreas Cornelius 13/14 Kobenhavn Cardiff City
43%
ST Andreas Cornelius 21/22 Atalanta Parma
43%
ST Andreas Cornelius 22/23 Trabzonspor Kobenhavn
43%
ST Andreas Cornelius 17/18 Kobenhavn Atalanta
43%
ST Andreas Cornelius 21/22 Parma Trabzonspor
43%
ST Andreas Cornelius 13/14 Cardiff City Kobenhavn
43%
GK Jesper Christiansen 00/01 Odense Rangers
43%
RW Mathias Jorgensen 18/19 Odense New York Red Bulls
43%
DM Morten Hjulmand 23/24 Lecce Sporting CP
43%
DM Morten Hjulmand 20/21 Admira Wacker Lecce
43%
ST Nicolai Jorgensen 16/17 Kobenhavn Feyenoord
43%
LB Victor Kristiansen 22/23 Kobenhavn Leicester City
43%
LW Jesper Gronkjaer 00/01 Ajax Chelsea
38%
LW Jesper Gronkjaer 04/05 Chelsea Birmingham City
38%
LW Jesper Gronkjaer 05/06 Atletico Madrid Stuttgart
38%
LW Jesper Gronkjaer 06/07 Stuttgart Kobenhavn
38%
LW Jesper Gronkjaer 04/05 Birmingham City Atletico Madrid
38%
DM Lasse Schone 19/20 Ajax Genoa
38%
LW Pione Sisto 16/17 Midtjylland Celta Vigo
38%
LW Pione Sisto 20/21 Celta Vigo Midtjylland
38%
DM Thomas Gravesen 00/01 Hamburg Everton
38%
DM Thomas Gravesen 04/05 Everton Real Madrid
38%
DM Thomas Gravesen 06/07 Real Madrid Celtic
38%
ST Ebbe Sand 99/00 Brondby Schalke
37%
RB Alexander Bah 22/23 Slavia Prague Benfica
33%
RB Alexander Bah 20/21 Sonderjyske Slavia Prague
33%
CM Philip Billing 19/20 Huddersfield Town Bournemouth
33%
GK Thomas Sorensen 03/04 Sunderland Aston Villa
33%
LW Viktor Fischer 16/17 Ajax Middlesbrough
33%
LW Viktor Fischer 17/18 Middlesbrough Mainz
33%
LW Viktor Fischer 17/18 Mainz Kobenhavn
33%
LW Viktor Fischer 21/22 Kobenhavn Royal Antwerp
33%
CB Frederik Sorensen 11/12 Juventus Bologna
32%
CB Frederik Sorensen 15/16 Juventus Koln
32%
RW Dennis Rommedahl 04/05 PSV Charlton Athletic
30%
RW Gustav Isaksen 23/24 Midtjylland Lazio
30%
LB Kristian Pedersen 18/19 Union Berlin Birmingham City
30%
GK Mads Hermansen 23/24 Brondby Leicester City
30%
ST Nicklas Pedersen 08/09 Nordsjaelland Groningen
30%
ST Nicklas Pedersen 13/14 Mechelen Gent
30%
DM William Kvist 11/12 Kobenhavn Stuttgart
30%
GK Anders Lindegaard 10/11 Aalesund Manchester United
28%
GK Jonas Lossl 18/19 Mainz Huddersfield Town
28%
GK Jonas Lossl 16/17 Guingamp Mainz
28%
CM Allan Nielsen 96/97 Brondby Tottenham Hotspur
27%
GK Frederik Ronnow 18/19 Brondby Eintracht Frankfurt
27%
ST Marcus Ingvartsen 17/18 Nordsjaelland Genk
27%
ST Marcus Ingvartsen 23/24 Mainz Nordsjaelland
27%
ST Marcus Ingvartsen 22/23 Union Berlin Mainz
27%
CB Victor Nelsson 21/22 Kobenhavn Galatasaray
27%
CB Victor Nelsson 19/20 Nordsjaelland Kobenhavn
27%
CM Casper Nielsen 22/23 Union Saint-Gilloise Club Brugge
25%
CM Jens Stage 22/23 Kobenhavn Werder Bremen
25%
CM Jens Stage 19/20 Aarhus Kobenhavn
25%
CB Martin Laursen 02/03 Parma Milan
25%
CB Martin Laursen 01/02 Hellas Verona Parma
25%
CB Martin Laursen 04/05 Milan Aston Villa
25%
LW Mohamed Daramy 23/24 Ajax Reims
25%
LW Mohamed Daramy 21/22 Kobenhavn Ajax
25%
ST Nicki Bille Nielsen 14/15 Rosenborg Evian Thonon
25%
ST Nicki Bille Nielsen 10/11 Nordsjaelland Villarreal
25%
ST Christian Rasmussen 19/20 Nordsjaelland Ajax
23%
ST Emil Riis 20/21 Randers Preston North End
23%
CB Jacob Rasmussen 18/19 Empoli Fiorentina
23%
CB Jacob Rasmussen 23/24 Fiorentina Brondby
23%
CB Ulrika Laursen 07/08 Odense Kobenhavn
23%
CB Ulrika Laursen 02/03 Hibernian Celtic
23%
CM Lukas Lerager 19/20 Bordeaux Genoa
22%
CM Lukas Lerager 22/23 Genoa Kobenhavn
22%
CM Lukas Lerager 17/18 Zulte Waregem Bordeaux
22%
CM Mads Bidstrup 23/24 Brentford RB Salzburg
22%
CM Mads Bidstrup 17/18 Kobenhavn RB Leipzig
22%
CM Thomas Kahlenberg 05/06 Brondby Auxerre
22%
CM Thomas Kahlenberg 09/10 Auxerre Wolfsburg
22%
ST Wahid Faghir 21/22 Vejle Stuttgart
22%
RW Anders Dreyer 21/22 Midtjylland Rubin Kazan
20%
RW Anders Dreyer 22/23 Rubin Kazan Midtjylland
20%
RW Anders Dreyer 22/23 Midtjylland Anderlecht
20%
RW Anders Dreyer 18/19 Esbjerg Brighton & Hove Albion
20%
CM Leon Andreasen 07/08 Werder Bremen Fulham
20%
CM Leon Andreasen 08/09 Fulham Hannover
20%
CM Matt O'Riley 21/22 Milton Keynes Dons Celtic
20%
CB Jores Okore 13/14 Nordsjaelland Aston Villa
18%
ST Kenneth Zohore 19/20 Cardiff City West Bromwich Albion
18%
LB Riza Durmisi 18/19 Real Betis Lazio
18%
LB Riza Durmisi 16/17 Brondby Real Betis
18%
RB Thomas Helveg 98/99 Udinese Milan
18%
CM Maurits Kjaergaard 19/20 Lyngby RB Salzburg
17%
CM Morten Frendrup 21/22 Brondby Genoa
17%
CB Per Kroldrup 05/06 Udinese Everton
17%
CB Per Kroldrup 05/06 Everton Fiorentina
17%
RB Rasmus Carstensen 22/23 Silkeborg Genk
17%
ST Casper Tengstedt 22/23 Rosenborg Benfica
15%
ST Flemming Povlsen 90/91 PSV Borussia Dortmund
15%
ST Flemming Povlsen 98/90 Koln PSV
15%
RW Jens Odgaard 18/19 Inter Milan Sassuolo
15%
RW Jens Odgaard 22/23 Sassuolo AZ Alkmaar
15%
CM Oscar Fraulo 22/23 Midtjylland Borussia Monchengladbach
15%
CM Albert Gronbaek 22/23 Aarhus Bodo/Glimt
13%
RB Anton Gaaei 23/24 Viborg Ajax
13%
ST Emil Berggreen 15/16 Eintracht Braunschweig Mainz
13%
CB Frederik Alves 20/21 Silkeborg West Ham United
13%
ST Mikkel Kaufmann 19/20 Aalborg Kobenhavn
13%
ST Mikkel Kaufmann 23/24 Kobenhavn Union Berlin
13%
RB Peter Ankersen 14/15 Esbjerg RB Salzburg
13%
RW Uffe Bech 15/16 Nordsjaelland Hannover
13%
ST William Boving 22/23 Kobenhavn Sturm Graz
13%
CB Andreas Bjelland 12/13 Nordsjaelland Twente
12%
CB Andreas Bjelland 15/16 Twente Brentford
12%
ST Christian Gytkjaer 16/17 Rosenborg 1860 Munich
12%
CB Martin Albrechtsen 04/05 Kobenhavn West Bromwich Albion
12%
AM Michael Johansen 96/97 Kobenhavn Bolton Wanderers
12%
ST Mikael Uhre 21/22 Brondby Philadelphia Union
12%
ST Nikolai Baden Frederiksen 21/22 Juventus Vitesse
12%
ST Nikolai Baden Frederiksen 18/19 Nordsjaelland Juventus
12%
RM Per Frandsen 99/00 Bolton Wanderers Blackburn Rovers
12%
RM Per Frandsen 00/01 Blackburn Rovers Bolton Wanderers
12%
RM Per Frandsen 96/97 Kobenhavn Bolton Wanderers
12%
ST Peter Lovenkrands 00/01 Akademisk Rangers
12%
ST Peter Moller 98/99 PSV Real Oviedo
12%
ST Peter Moller 97/98 Brondby PSV
12%
AM Philip Zinckernagel 23/24 Olympiacos Club Brugge
12%
AM Philip Zinckernagel 22/23 Watford Olympiacos
12%
CB Rasmus Lauritsen 22/23 Dinamo Zagreb Brondby
12%
CB Rasmus Lauritsen 20/21 Norrkoping Dinamo Zagreb
12%
CM Zidan Sertdemir 21/22 Nordsjaelland Bayer Leverkusen
12%
CB Erik Sviatchenko 15/16 Midtjylland Celtic
10%
CB Jes Hogh 95/96 Aalborg Fenerbahce
10%
ST Kasper Junker 20/21 Bodo/Glimt Urawa Red Diamonds
10%
ST Mads Junker 05/06 Nordsjaelland Vitesse
10%
CB Mathias Ross 22/23 Aalborg Galatasaray
10%
LW Mikkel Duelund 18/19 Midtjylland Dynamo Kyiv
10%
AM Nicolai Vallys 22/23 Silkeborg Brondby
10%
DM Oliver Abildgaard 20/21 Aalborg Rubin Kazan
10%
AM Carlo Holse 23/24 Rosenborg Samsunspor
8%
ST Kenneth Perez 06/07 AZ Alkmaar Ajax
8%
ST Kenneth Perez 07/08 PSV Ajax
8%
CB Marc Rieper 94/95 Brondby West Ham United
8%
CB Michael Gravgaard 08/09 Kobenhavn Nantes
8%
DM Niki Zimling 12/13 Club Brugge Mainz
8%
ST Ronnie Schwartz 14/15 Randers Guingamp
8%
ST Simon Makienok 14/15 Brondby Palermo
8%
CB Thomas Gaardsoe 01/02 Aalborg Ipswich Town
8%
RB Andreas Bruus 22/23 Brondby Troyes
7%
LM Jonas Borring 08/09 Odense Midtjylland
7%
CB Kris Stadsgaard 10/11 Rosenborg Malaga
7%
ST Lasse Vibe 17/18 Brentford Changchun Yatai
7%
LB Lukas Engel 23/24 Silkeborg Middlesbrough
7%
LB Michael Lumb 09/10 Aarhus Zenit
7%
CM Mikkel Thygesen 06/07 Midtjylland Borussia Monchengladbach
7%
ST Morten Nordstrand 07/08 Nordsjaelland Kobenhavn
7%
AM Andrew Hjulsager 21/22 Oostende Gent
5%
CB Lucas Hey 23/24 Lyngby Nordsjaelland
5%
ST Mileta Rajovic 23/24 Kalmar Watford
5%
ST Morten Skoubo 02/03 Midtjylland Borussia Monchengladbach
5%
ST Morten Skoubo 05/06 Brondby Real Sociedad
5%
LW Adam Daghim 23/24 Aarhus RB Salzburg
3%
LB Carsten Fredgaard 99/00 Lyngby Sunderland
3%
CB Alexander Scholz 14/15 Lokeren Standard Liege
2%
AM Younes Namli 19/20 PEC Zwolle Krasnodar
2%
No matching quizzes found
Score Distribution
Percent of People with Each Score
Percentile by Number Answered
Your Score History
You have not taken this quiz